LEADER 02095nam 2200397 n 450
001 996392965403316
005 20200824121712.0
035 $a(CKB)4940000000110169
035 $a(EEBO)2240948825
035 $a(UnM)99866285e
035 $a(UnM)99866285
035 $a(EXLCZ)994940000000110169
100 $a19940325d1653 uy |
101 0 $aeng
135 $aurbn||||a|bb|
200 14$aThe black and terrible vvarning piece: or, a scourge to Englands rebellion$b[electronic resource] $eTruly representing, the horrible iniquity of the times; the dangerous proceedings of the ranters, and the holding of no Resurrection by the shakers, in Yorkshire and elsewhere. With the several judgements of the most high and eternal Lord God, upon all usurpers, who deny His law, and His truth; and the manner how 130 children were taken away by the devil, and never seen no more; and divers others taken, rent, torn, and cast up and down from room to room, by strange and dreadfull spirits, appearing in the shapes of, a black boar, a roaring lyon, an English statesman, and a Roman fryer. Extracted out of the elaborate works of Bishop Hall, and Sir Kenelm Digby; and published for general satisfaction, to all Christian princes, states, and common-wealths in Europe
210 $aLondon $cprinted for George Horton$d1653
215 $a[2], 6 p
300 $aAnnotation on Thomason copy: "Nou. 29.".
300 $aReproduction of the original in the British Library.
330 $aeebo-0018
606 $aGod$xWrath$vEarly works to 1800
606 $aRanters$vEarly works to 1800
607 $aGreat Britain$xHistory$yPuritian Revolution, 1642-1600$vEarly works to 1800
615 0$aGod$xWrath
615 0$aRanters
700 $aHall$b George$f1612?-1668.$01006817
701 $aDigby$b Kenelm$cSir,$f1603-1665.$0615042
801 0$bCu-RivES
801 1$bCu-RivES
801 2$bCStRLIN
801 2$bWaOLN
906 $aBOOK
912 $a996392965403316
996 $aThe black and terrible vvarning piece: or, a scourge to Englands rebellion$92359796
997 $aUNISA
LEADER 02776oam 2200673I 450
001 9910959093003321
005 20251116193832.0
010 $a1-136-50451-6
010 $a0-415-86646-4
010 $a1-315-01636-2
010 $a1-136-50444-3
024 7 $a10.4324/9781315016368
035 $a(CKB)2550000001167172
035 $a(EBL)1542657
035 $a(OCoLC)862613793
035 $a(MiAaPQ)EBC1542657
035 $a(Au-PeEL)EBL1542657
035 $a(CaPaEBR)ebr10800233
035 $a(CaONFJC)MIL548574
035 $a(OCoLC)868979777
035 $a(FINmELB)ELB140281
035 $a(EXLCZ)992550000001167172
100 $a20180331e20031984 uy 0
101 0 $aeng
135 $aur|n|---|||||
181 $2rdacontent
182 $2rdamedia
183 $2rdacarrier
200 10$aPlanning and profits in socialist economies /$fJean-Charles Asselain
205 $a1st ed.
210 1$aLondon :$cRoutledge,$d2003.
215 $a1 online resource (285 p.)
225 1 $aRoutledge library editions. Economics. Economic systems/Comparative economics ;$vI
300 $aFirst published in 1984.
311 08$a0-415-31308-2
311 08$a1-306-17323-X
320 $aIncludes bibliographical references and index.
327 $apart I. The centralised model and the Stalinist hierarchy of priorities -- part II. Economic policies in the post-Stalinist period and the origins of the reforms -- part III. The reforms and their aftermath.
330 $aThis study of economic reforms throughout Eastern Europe covers the history of attempts at decentralization. The book:
* Describes the centralized model and compares its requirements with the realities of socialist countries
* Discusses the economic policies of the post-Stalinist period
* Examines the origin of the reforms which began in 1956, culminating in the Soviet economic reform of 1965 and the rehabilitation of profit.
Countries covered include the former USSR, the former East Germany and Hungary.
410 0$aRoutledge library editions.$pEconomics.$pEconomic systems/Comparative economics ;$v1.
606 $aCentral planning$zSoviet Union
606 $aProfit$zSoviet Union
606 $aCentral planning$zEurope, Eastern
606 $aProfit$zEurope, Eastern
607 $aSoviet Union$xEconomic policy
607 $aEurope, Eastern$xEconomic policy
615 0$aCentral planning
615 0$aProfit
615 0$aCentral planning
615 0$aProfit
676 $a335.00947
700 $aAsselain$b Jean Charles.$0248012
801 0$bMiAaPQ
801 1$bMiAaPQ
801 2$bMiAaPQ
906 $aBOOK
912 $a9910959093003321
996 $aPlanning and profits in socialist economies$94493792
997 $aUNINA